3 Largest cities in UK, US, France & Germany:starting with D - Statistics

General Stats
  • This quiz has been taken 361 times
  • The average score is 7 of 12
Answer Stats
Hint Answer % Correct
Germany Dusseldorf
86%
USA Dallas
77%
Germany Dresden
77%
USA Denver
74%
Germany Dortmund
73%
USA Detroit
72%
France Dijon
60%
UK Dundee
45%
UK Derby
41%
UK Derry
26%
France Dunkirk
25%
France Drancy
6%
No matching quizzes found
Score Distribution
Percent of People with Each Score
Percentile by Number Answered
Your Score History
You have not taken this quiz